000 00446nam a2200157 i 4500
001 75228
003 ES-MaACL
005 20230906172358.0
007 t|
008 040923s1910 sp ||||1| spa d
100 1 _aGraell, Guillermo (
_d1846-1927)
_959497
245 1 3 _aLa economía nacional y los hombres de Estado /
_cGuillermo Graell.
260 _aBarcelona :
_b[s.n.],
_c1910.
300 _a31 p. ;
_c20 cm.
852 _aES-MaACL
_jT-1334-F-6
999 _c75228
_d75228